|
|
|
|
| LEADER |
00000cam a2200000 7i4500 |
| 001 |
0000004235 |
| 005 |
20160330.0 |
| 008 |
070725 |
| 020 |
|
|
|a 9838806757(set)
|
| 020 |
|
|
|a 9838806781
|
| 090 |
0 |
0 |
|a WSU
|b MAL
|
| 100 |
0 |
|
|a W.S. Uzala
|
| 245 |
1 |
0 |
|a Rancangan yang sempurna
|c W.S. Uzala
|
| 260 |
|
|
|a Selangor :
|b Eddiplex ,
|c 2006
|
| 440 |
|
0 |
|a Novel buli bawa padah
|
| 500 |
|
|
|a Teenager ages 13-18 years old (blue)
|
| 650 |
|
0 |
|a Malay
|x Languages
|
| 999 |
|
|
|a 0000975733
|b Book
|c Teenagers
|e Perbadanan Perpustakaan Awam Johor
|
| 999 |
|
|
|a 0000975735
|b Book
|c Teenagers
|e Perbadanan Perpustakaan Awam Johor
|
| 999 |
|
|
|a 0000975736
|b Book
|c Teenagers
|e Perbadanan Perpustakaan Awam Johor
|
| 999 |
|
|
|a 0001143299
|b Book
|c Teenagers
|e Cawangan Tmn. Ungku Tun Aminah
|
| 999 |
|
|
|a 0001143300
|b Book
|c Teenagers
|e Cawangan Bandar Penawar
|
| 999 |
|
|
|a 0001143301
|b Book
|c Teenagers
|e Cawangan Bukit Gambir
|